Normal view MARC view

Entry Topical Term

Number of records used in: 1

001 - CONTROL NUMBER

  • control field: 54343

003 - CONTROL NUMBER IDENTIFIER

  • control field: OSt

005 - DATE AND TIME OF LATEST TRANSACTION

  • control field: 20250613110023.0

008 - FIXED-LENGTH DATA ELEMENTS

  • fixed length control field: 250613|| aca||aabn | a|a d

040 ## - CATALOGING SOURCE

  • Original cataloging agency: OSt
  • Transcribing agency: OSt

150 ## - HEADING--TOPICAL TERM

  • Topical term or geographic name entry element: Information adoption model, Partial Least Square- Structural Equation Modelling, Social media e-WOM, Theory of reasoned action

670 ## - SOURCE DATA FOUND

  • Source citation: Work cat.: (OSt): Parveen, Afsa and Chaudhary, Rashmi 54342, Do attitude and subjective norm mediate the relationship between social media e-wom and green purchase intention? An empirical investigation using pls-sem

Powered by Koha